000 00510nam a2200169Ia 4500
003 OSt
005 20210901144154.0
008 190216s9999||||xx |||||||||||||| ||und||
040 _coclc
082 _a297
_bALM/J
100 _aAl Mahmud, Al Shaikh Abdullah Bin Zaid
_98736
245 0 _aAl Jihad Al Mashruh Fi Islam /
_cAl Shaikh Abdullah Bin Zaid Al Mahmud
260 _bBuklab Mathuifadin,
_aBairoot:
300 _a120p
650 _aArabic
942 _cBK
_2ddc
_h297
_iALM/J
_k297
_mALM/J
999 _c389
_d389